Top 10 Most Democratic African Countries - Statistics

General Stats
  • This quiz has been taken 38 times
  • The average score is 7 of 10
Answer Stats
Score Country % Correct
7.24 South Africa
100%
8.22 Mauritius
83%
7.81 Botswana
78%
6.41 Tunisia
78%
6.63 Ghana
67%
7.88 Cape Verde
58%
6.25 Namibia
58%
6.15 Senegal
53%
6.64 Lesotho
50%
5.74 Benin
33%
No matching quizzes found
Score Distribution
Percent of People with Each Score
Percentile by Number Answered
Your Score History
You have not taken this quiz